Direito processual civil / (Record no. 1385)

MARC details
000 -LÍDER
Campo Fixo de Controle 00769nam a2200253 a 4500
001 - NÚMERO DE CONTROLE
Campo de Controle 1385
003 - IDENTIFICAÇÃO DO NÚMERO DE CONTROLE
Campo de Controle BR-CuiBMT
005 - DATA E HORA DA ÚLTIMA ATUALIZAÇÃO
Campo de Controle 20231206201534.0
008 - DADOS FIXOS
Dados Fixos 231206s2015 baba 000 0 por d
020 ## - INTERNATIONAL STANDARD BOOK NUMBER
Nº do ISBN 854420449-x
040 ## - AGÊNCIA CATALOGADORA
Código da Agência Catalogadora BR-CuiBMT
Agência que transcreveu o registro BR-CuiBMT
080 ## - Nº DA CLASSIFICAÇÃO DECIMAL UNIVERSAL
Nº Class. CDU 347.91/.95
Subd. Auxiliar Comum (079.1)
Nº edição CDU 2007
090 ## - NÚMERO DE CHAMADA
Nº classificação 347.91/.95(079.1)
Cutter C972d
100 10 - ENTRADA PRINCIPAL -- AUTOR PESSOAL
Nome pessoal Cunha, Maurício Ferreira
245 10 - TÍTULO PRINCIPAL
Título principal Direito processual civil /
Indicação de responsabilidade Maurício Ferreira Cunha.
250 ## - EDIÇÃO
Edição 2. ed., rev., ampl. e atua.
260 ## - PUBLICAÇÃO, DISTRIBUIÇÃO, ETC.
Local de publicação Salvador :
Editora JusPODIVM,
Data 2015.
300 ## - DESCRIÇÃO FÍSICA
N. páginas ou volumes 1279 p. :
Ilustrações il. ;
Dimensões 24 cm
490 1# - INDICAÇÃO DE SÉRIE
Título da série Revisaço
650 ## - ASSUNTO TÓPICO
Cabeçalho tópico ou nome geográfico Direito processual civil
Subdivisão geográfica Brasil
650 ## - ASSUNTO TÓPICO
Cabeçalho tópico ou nome geográfico Processo civil
Subdivisão geográfica Brasil
650 ## - ASSUNTO TÓPICO
Cabeçalho tópico ou nome geográfico Processo civil
Subdivisão geral Problemas, questões, exercícios
942 ## - ELEMENTOS DE ENTRADA ADICIONAIS (KOHA)
Fonte de classificação ou esquema de arquivamento Classificação Decimal Universal
Tipo de item do Koha Livros
Holdings
Estado: removido Estado: perdido Fonte de classificação ou esquema de arquivamento Estado: danificado Indisponível para empréstimo Localização permanente Localização atual Data de aquisição Total Checkouts Número de Chamada completo Código de barras Date last seen Número do exemplar Preço efetivo a partir de Tipo de item (Koha)
    Classificação Decimal Universal     Biblioteca da Escola Superior de Contas do TCE/MT Biblioteca da Escola Superior de Contas do TCE/MT 06/12/2023   347.91/.95(079.) C972d BIBTCEMT23120265 06/12/2023 Ex. 1 06/12/2023 Livros

Powered by Koha